|
|
|
|
| LEADER |
00963nam a22002777i 4500 |
| 001 |
001927519 |
| 003 |
CZ BrMZK |
| 005 |
20250305082608.0 |
| 007 |
ta |
| 008 |
250305s1944 gw a er|||||||||||ger d |
| 040 |
|
|
|a ABE310
|b cze
|d BOA001
|e rda
|
| 100 |
1 |
|
|a Stephan, Hans,
|d 1902-1973
|4 aut
|
| 245 |
1 |
0 |
|a Wilhelm Kreis /
|c von Hans Stephan ; Geleitwort von Albert Speer
|
| 264 |
|
1 |
|a Oldenburg :
|b Gerhard Stalling Verlag,
|c 1944
|
| 300 |
|
|
|a 96 stran :
|b ilustrace ;
|c 20 cm
|
| 336 |
|
|
|a text
|b txt
|2 rdacontent
|
| 337 |
|
|
|a bez média
|b n
|2 rdamedia
|
| 338 |
|
|
|a svazek
|b nc
|2 rdacarrier
|
| 490 |
1 |
|
|a Deutsche Künstler unserer Zeit
|
| 600 |
1 |
7 |
|a Kreis, Wilhelm,
|d 1873-1955
|7 xx0150174
|2 czenas
|
| 700 |
1 |
|
|a Speer, Albert,
|d 1905-1981
|7 jn20000701685
|4 wfw
|
| 830 |
|
0 |
|a Deutsche Künstler unserer Zeit
|
| 910 |
|
|
|a BOA001
|b 2-0176.237
|
| 990 |
|
|
|a BK
|
| 991 |
|
|
|b 202503
|
| 996 |
7 |
|
|b 2618785185
|c 2-0176.237
|l MZK
|r Sklad / do 24 hodin
|n 0
|w 001997209
|u 000010
|a 1
|e BOA001
|j MZK50
|s A
|